000 00547nam a2200205Ia 4500
005 20250508165545.0
008 008 250505s9999 xx 000 0 hin d
020 _a978-93-263-5030-3
037 _aTextual
040 _aFEDL
_beng
_cFEDL
041 _ahin
_2eng
084 _a891.433, MAI
_qFEDL
100 _aMaitreyi Pushpa
245 0 _aTabdeel nigahein
260 _aNew Delhi, India
_bKitabghar Prakashan
_c2012
300 _a159p.
365 _aINR
_b240
942 _cTEXL
_h891.433, MAI
999 _c1395850
_d1395850